00620 2200229 4500001002100000005001500021035002000036007000300056008004100059020001600100082001000116084001600126100001800142245007000160250001000230260003600240300003700276650002500313520002800338990001200366990001200378INLIS00000000000271620190107031424 a0010-0119000068ta190107 g 0 ind  a602401941-9 a635.9 a635.9 AHM b0 aAHMAD, Syafii1 aBudidaya Tanaman Nilam (Pogostemon Cablin Benth.) /cAhmad Syafii acet.1 aYogyakarta :bDeepublish,c2017 aviii, 45 hlm. :bilus. ;c23 cm. aTANAMAN PEMELIHARAAN aBibliografi: hlm. 41-45 a16919 a a16919 b